000
00346 a2200157 4500
001
187886
020
_a
85-342-2062-X
040
_c
Magnum
100
_a
Lago, Samuel Ramos
240
1
0
_a
Biologia para o ensino médio
_l
por
245
1
0
_a
Biologia para o ensino médio
300
_a
344
362
0
_a
2006
697
_a
BIOLOGIA
942
_c
BK
999
_c
187886
_d
187886